000
00297nam a22001337a 4500
008
181017b xxu||||| |||| 00| 0 eng d
020
_a
9780155001923
041
_a
eng
080
_a
330.722
100
_a
62
101
_a
KF
245
_a
Financial Accounting
_c
Porter,G.A
942
_2
udc
_c
BK
999
_c
50050
_d
50050